| 000 | 01001nam0a2200289 4500 | ||
|---|---|---|---|
| 001 | RU\NLR\ONL2\6977 | ||
| 005 | 20250613130210.0 | ||
| 010 |
_a5-7696-3406-X _95000 |
||
| 035 | _a(NLR Aleph) 009654569 | ||
| 090 |
_a9584496 _c9584496 |
||
| 100 | _a20070427d2006 |||y0rusy50 ca | ||
| 101 | 0 | _asah | |
| 102 | _aRU | ||
| 105 | _aa ||||||||| | ||
| 200 | 1 |
_aМин дойдум - олонхо дойдута _eкыра саастаах оскуола оголоругар _fЕ. П. Чехордуна |
|
| 210 |
_aДьокуускай _cБичик _d2006 |
||
| 215 |
_a39 с. _cил. _d20 |
||
| 541 | 1 |
_aМоя страна - страна олонхо _eдля детей мл. шк. возраста _zrus |
|
| 686 | 1 | _aШ9(2)3=Я | |
| 700 | 1 |
_aЧехордуна _bЕ. П. _gЕкатерина Петровна _4070 |
|
| 801 | 0 |
_aRU _bNLR _c20070427 _gPSBO |
|
| 852 |
_aNLR _bОНЛ _jЯкут./2-3233 |
||
| 942 | _cBOOK | ||
| 980 | _aNB | ||
| 980 | _aONL_RF | ||